| 000 | 00817nam a2200277 i 4500 | ||
|---|---|---|---|
| 001 | bg | ||
| 100 | 1 |
_aJankowski, Michał _d(1947- ). |
|
| 245 | 1 | 0 |
_aElementy grafiki komputerowej / _cMichał Jankowski. |
| 250 | _aWyd. 2. | ||
| 260 |
_aWarszawa : _bWydawnictwa Naukowo-Techniczne, _c2006. |
||
| 300 |
_a220 s. : _bil. ; _c25 cm. |
||
| 490 | 1 | _aKlasyka Informatyki | |
| 504 | _aBibliogr. s. 212-215. Indeks. | ||
| 650 | 9 | _aGrafika komputerowa | |
| 655 | _aPodręczniki akademickie | ||
| 830 | _aKlasyka Informatyki | ||
| 020 | _a8320431638 | ||
| 040 | _cBPK | ||
| 041 | _apol | ||
| 044 | _aPOL | ||
| 080 | _a004.92(075.8) | ||
| 920 | _a83-204-3163-8 | ||
| 942 | _cKS | ||
| 008 | s pl f |000 0 pol | ||
| 999 |
_c56038 _d56038 |
||
| 856 |
_uhttp://koha.tu.koszalin.pl/cgi-bin/koha/opac-detail.pl?biblionumber=56038 _yKatalog online BPK |
||